La estilística de Amado Alonso como una teoría del lenguaje literario

Kaydedildi:
Detaylı Bibliyografya
Yazar: Gómez Alonso, Juan Carlos (Yazar)
Materyal Türü: Kitap
Dil:İspanyolca
Baskı/Yayın Bilgisi: Murcia Universidad de Murcia 2002
Edisyon:1a. ed
Konular:
Etiketler: Etiketle
Etiket eklenmemiş, İlk siz ekleyin!

MARC

LEADER 00000nam a2200000 a 4500
001 UCK6462
003 CL-VaPUC
008 050930e20020000SP |||||||||||||||||spa|d
020 |a 8483713225 
082 0 4 |a 801.95  |b GOM  |2 21 
100 |a Gómez Alonso, Juan Carlos  |e author  |9 495783 
245 1 3 |a La estilística de Amado Alonso como una teoría del lenguaje literario 
250 |a 1a. ed 
300 |a 248 p 
942 |c BK 
945 |d 20050930 00:00:00  |a jcarroza 
260 |a Murcia  |b Universidad de Murcia  |c 2002 
600 0 7 |a ALONSO, AMADO  |2 CL-VaPUC  |9 420398 
650 0 |a Crítica e interpretación   |9 255042 
650 0 |a Estilo literario  |9 316417 
583 |a last modification  |c 20050930 00:00:00  |k Rodrigo Vera 
999 |c 314748  |d 314746 
952 |0 0  |1 0  |4 0  |6 801_950000000000000_GOM_2002  |7 0  |8 A  |9 387461  |a BIBEDU  |b BIBEDU  |d 2019-11-22  |i 4152018  |o 801.95 GOM 2002  |p 4152018  |r 2019-11-22  |w 2019-11-22  |y BK  |k LIT